000 00575nam a2200193Ia 4500
005 20250508163809.0
008 008 250505s9999 xx 000 0 eng d
020 _a81-86867-34-1
037 _aTextual
040 _aFEDL
_beng
_cFEDL
041 _aeng
_2eng
084 _aB, BEL
_qFEDL
100 _aPollard Michael
245 0 _aAlexander Graham Bell: The story of the invention of the telephone-and its effect on our lives
260 _aMumbai, India
_bOrient Longman Ltd
_c1998
300 _a64p
942 _cTEXL
_hB, BEL
999 _c1385306
_d1385306